000 00758nam a2200193Ii 4500
003 JO-AjNU
008 230605s9999||||xx |||||||||||||| ||und||
040 _aJO-AjNU
_bara
_erda
_cJO-AjNU
041 _aara
050 1 4 _aK3240 2007
100 3 _aجمع وترتيب ومراجعة: عامر الزمالي,
_eauthor
_964423
245 0 0 _aمقالات في القانون الدولي الانساني والاسلام
264 3 1 _aمصر: اللجنة الدولية للصليب الاحمر، 2016
300 _a255ص
336 _atext
_btxt
_2rdacontent
337 _aunmediated
_bn
_2rdamedia
338 _avolume
_bnc
_2rdacarrier
650 4 _aحقوق الانسان-قوانين وتشريعات -الاسلام وحقوق الانسان
_964424
999 _aA29359
_c32927
_d32927